Proposta : memòria del CRID 1997 / Consorci de Recursos i Documentació per l'Autonomia Personal memòria del CRID 1997 / Consorci de Recursos i Documentació per l'Autonomia Personal

Publicado: Barcelona : CRID , 1997
Descripción Física: [90] f. : gràf. ; 30 cm

MARC

LEADER 00000nam a2200000Ia 4500
001 19874
008 160829s1997 xx 000 0 cat d
080 |a M-5-481 
110 2 |a Consorci de Recursos i Documentació per a l'Autonomia Personal  |9 53949 
245 |a Proposta :  |b  memòria del CRID 1997 / Consorci de Recursos i Documentació per l'Autonomia Personal 
260 |a Barcelona :  |b CRID,  |c 1997 
300 |a [90] f. :  |b  gràf. ;  |c 30 cm 
590 |a La Diputació de Barcelona és membre del CRID 
650 |a Consorci de Recursos i Documentació per l'Autonomia Personal  |x Memòries  |9 43857 
901 |a Arxiu 
942 |n 1 
952 |0 0  |1 0  |4 0  |6 M5481  |7 1  |9 51642  |a Arxiu  |b Arxiu  |d 2016-12-01  |l 0  |o M-5-481  |p 19874  |r 2016-12-01 00:00:00  |w 2016-12-01  |y ARXIU 
999 |c 55487  |d 55487